miasta województwa świętokrzyskiego - Statystyki

Ogólne statystyki
  • Ten quiz został rozwiązany 610 razy
    39 od ostatniego zresetowania
  • Średni wynik to 32 z 51
Statystyki odpowiedzi
Pierwsza litera Miasto % Poprawnych
J Jędrzejów
100%
K Kielce
100%
B Busko-Zdrój
92%
C Chęciny
92%
K Końskie
92%
Ł Łagów
92%
S Starachowice
92%
D Daleszyce
83%
O Opatów
83%
O Ostrowiec Świętokrzyski
83%
P Pińczów
83%
S Skarżysko-Kamienna
83%
W Włoszczowa
83%
B Bodzentyn
75%
C Chmielnik
75%
Ć Ćmielów
75%
D Działoszyce
75%
K Kazimierza Wielka
75%
S Sandomierz
75%
S Staszów
75%
M Małogoszcz
67%
P Piekoszów
67%
P Połaniec
67%
R Radoszyce
67%
S Sędziszów
67%
I Iwaniska
58%
K Klimontów
58%
M Morawica
58%
N Nowa Słupia
58%
O Opatowiec
58%
P Pacanów
58%
P Pierzchnica
58%
Z Zawichost
58%
B Bogoria
50%
K Koprzywnica
50%
K Kunów
50%
Ł Łopuszno
50%
O Osiek
50%
O Ożarów
50%
S Stąporków
50%
S Suchedniów
50%
W Wąchock
50%
O Oleśnica
42%
S Stopnica
42%
S Szydłów
42%
S Sobków
33%
W Wiślica
33%
W Wodzisław
33%
G Gowarczów
25%
N Nowy Korczyn
25%
S Skalbmierz
17%
Nie znaleziono quizów pasujących do podanych kryteriów
Rozkład punktacji
Procent ludzi z każdym wynikiem
Percentyl według liczby udzielonych odpowiedzi
Twoja historia wyników
Nie rozwiązałeś tego quizu od ostatniego zresetowania